The Engineers and the price system

Bibliographic Details
Main Author: Veblen, Thorstein, 1857-1929.
Corporate Author: ProQuest (Firm)
Format: Electronic eBook
Language:English
Published: Kitchener, Ont. : Batoche, 2001.
Subjects:
Online Access:Click to View
LEADER 01187nam a2200325Ia 4500
001 EBC3117774
003 MiAaPQ
005 20200520144314.0
006 m o d |
007 cr cn|||||||||
008 750904r20011921onc s 000 0 eng d
035 |a (MiAaPQ)EBC3117774 
035 |a (Au-PeEL)EBL3117774 
035 |a (CaPaEBR)ebr5000116 
035 |a (OCoLC)842564347 
040 |a MiAaPQ  |c MiAaPQ  |d MiAaPQ 
050 4 |a HC106.3  |b .N4 2001 
100 1 |a Veblen, Thorstein,  |d 1857-1929. 
245 1 4 |a The Engineers and the price system  |h [electronic resource] /  |c Thorstein Veblen. 
260 |a Kitchener, Ont. :  |b Batoche,  |c 2001. 
300 |a 104 p. 
500 |a Originally published : [S.l. : s.n.], 1921. 
533 |a Electronic reproduction. Ann Arbor, MI : ProQuest, 2015. Available via World Wide Web. Access may be limited to ProQuest affiliated libraries. 
650 0 |a Industries. 
650 0 |a Industrial efficiency. 
650 0 |a Capitalism. 
651 0 |a United States  |x Economic conditions  |y 1918-1945. 
655 4 |a Electronic books. 
710 2 |a ProQuest (Firm) 
856 4 0 |u https://ebookcentral.proquest.com/lib/matrademy/detail.action?docID=3117774  |z Click to View